LEADER 01887nam 2200445z- 450 001 9910346754003321 005 20210211 035 $a(CKB)4920000000094174 035 $a(oapen)https://directory.doabooks.org/handle/20.500.12854/55899 035 $a(oapen)doab55899 035 $a(EXLCZ)994920000000094174 100 $a20202102d2018 |y 0 101 0 $aeng 135 $aurmn|---annan 181 $ctxt$2rdacontent 182 $cc$2rdamedia 183 $acr$2rdacarrier 200 00$aPediatric Hypertension: Update 210 $cFrontiers Media SA$d2018 215 $a1 online resource (93 p.) 225 1 $aFrontiers Research Topics 311 08$a2-88945-654-4 330 $aHypertension and its resultant complications do occur in childhood and track into adulthood. It's estimated that > 3% of all children have hypertension, with an even greater prevalence among obese children (20-47%). The etiology of hypertension is generally described as primary (essential) or secondary with most secondary causes related to cardio-renal disease. While primary hypertension is on the rise, all children should undergo an evaluation to investigate for a secondary cause of their hypertension. Mild to moderate hypertension is most commonly asymptomatic but may be associated with subtle cardiac, renal, neurological and/or psychosocial. 517 $aPediatric Hypertension 606 $aMedicine$2bicssc 610 $adevelopmental origins 610 $agenetic programming 610 $akidney transplant 610 $aLVH 610 $amicrobiome 610 $aobesity 610 $aparaganglioma 610 $apheochromocytoma 615 7$aMedicine 700 $aTammy M. Brady$4auth$01292413 702 $aIbrahim F. Shatat$4auth 906 $aBOOK 912 $a9910346754003321 996 $aPediatric Hypertension: Update$93022280 997 $aUNINA LEADER 03395nam 22007335 450 001 9910983354303321 005 20251116222220.0 010 $a9783031806483 010 $a3031806484 024 7 $a10.1007/978-3-031-80648-3 035 $a(CKB)37627783100041 035 $a(MiAaPQ)EBC31911832 035 $a(Au-PeEL)EBL31911832 035 $a(DE-He213)978-3-031-80648-3 035 $a(OCoLC)1501641022 035 $a(EXLCZ)9937627783100041 100 $a20250218d2025 u| 0 101 0 $aeng 135 $aur||||||||||| 181 $ctxt$2rdacontent 182 $cc$2rdamedia 183 $acr$2rdacarrier 200 10$aAdlai E. Stevenson and American Intellectuals $eThe Terms of Endearment /$fby C. Baars Bultman 205 $a1st ed. 2025. 210 1$aCham :$cSpringer Nature Switzerland :$cImprint: Palgrave Macmillan,$d2025. 215 $a1 online resource (142 pages) 225 0 $aHistory Series 311 08$a9783031806476 311 08$a3031806476 327 $aCh 1: Introduction -- Ch 2: American Intellectuals and the Presidency -- Ch 3: Adlai Stevenson and American Intellectuals -- Ch 4: The Terms of Endearment -- Ch 5: Adlai Stevenson and Archibald MacLeish -- Ch 6: Adlai Stevenson and John Steinbeck -- Ch 7: Conclusion. 330 $aThis book focuses on a biographical and cultural rendering of Adlai E. Stevenson's alliance with a segment of the intellectual community, with primary attention to the years from 1940 to his death in 1965. At the core of the study is an evaluation of the nature of a relationship that was important both to intellectuals, particularly literary intellectuals, and to Stevenson. This volume exhibits case studies which illumine the alliance through a view of Stevenson's relations with American writers Archibald MacLeish and John Steinbeck. C. Baars Bultman is Professor Emeritus of Education at Hope College in Holland, Michigan, USA. His multi-department teaching assignments there represent a devotion to the liberal arts. His own academic background includes degrees in Political Science (BA), American History (MA), and English (PhD), and this book represents his continuing interest in the importance of interdisciplinary research. 606 $aUnited States$xHistory 606 $aHistory, Modern 606 $aIntellectual life$xHistory 606 $aWorld politics 606 $aCivilization$xHistory 606 $aInternational relations$xHistory 606 $aUS History 606 $aModern History 606 $aIntellectual History 606 $aPolitical History 606 $aCultural History 606 $aDiplomatic and International History 615 0$aUnited States$xHistory. 615 0$aHistory, Modern. 615 0$aIntellectual life$xHistory. 615 0$aWorld politics. 615 0$aCivilization$xHistory. 615 0$aInternational relations$xHistory. 615 14$aUS History. 615 24$aModern History. 615 24$aIntellectual History. 615 24$aPolitical History. 615 24$aCultural History. 615 24$aDiplomatic and International History. 676 $a973.9092 700 $aBultman$b C. Baars$01785300 801 0$bMiAaPQ 801 1$bMiAaPQ 801 2$bMiAaPQ 906 $aBOOK 912 $a9910983354303321 996 $aAdlai E. Stevenson and American Intellectuals$94316873 997 $aUNINA